Don Juan ; Nyílás [versek] /
Elmentve itt :
| Szerző: | |
|---|---|
| Dokumentumtípus: | Cikk |
| Megjelent: |
2020
|
| Sorozat: | Tiszatáj
74 No. 3 |
| Kulcsszavak: | Magyar irodalom - vers |
| Online Access: | http://tiszataj.bibl.u-szeged.hu/26070 |
| LEADER | 00569nab a2200181 i 4500 | ||
|---|---|---|---|
| 001 | tisza26070 | ||
| 005 | 20211011155647.0 | ||
| 008 | 211011s2020 hu o 0|| hun d | ||
| 022 | |a 0133-1167 | ||
| 040 | |a SZTE Tiszatáj Archívum |b hun | ||
| 041 | |a hun | ||
| 100 | 1 | |a Harcos Bálint | |
| 245 | 1 | 0 | |a Don Juan ; Nyílás |h [elektronikus dokumentum] : |b [versek] / |c Harcos Bálint |
| 260 | |c 2020 | ||
| 300 | |a 23 | ||
| 490 | 0 | |a Tiszatáj |v 74 No. 3 | |
| 695 | |a Magyar irodalom - vers | ||
| 856 | 4 | 0 | |u http://tiszataj.bibl.u-szeged.hu/26070/1/tiszataj_2020_003_023.pdf |z Dokumentum-elérés |